| 000 | 00821nam a2200289 i 4500 | ||
|---|---|---|---|
| 001 | bg | ||
| 100 | 1 | _aBarsch, Achim. | |
| 245 | 1 |
_aMediendidaktik Deutsch / _cAchim Barsch. |
|
| 260 |
_aPaderborn [etc.] : _bFerdinand Schöningh, _c2006. |
||
| 300 |
_a230 s. : _bfot., rys., wykr. ; _c22 cm. |
||
| 490 | 1 |
_aUTB ; _v2808 |
|
| 504 | _aIndeks. | ||
| 650 | 9 |
_aJęzyk niemiecki _xnauczanie |
|
| 650 | 9 |
_aŚrodki masowego przekazu _xa język |
|
| 830 | _aUTB ; | ||
| 020 | _a9783825228088 | ||
| 020 | _a3506756400 | ||
| 040 | _cBPK | ||
| 041 | 0 | _ager | |
| 044 | _aDEU | ||
| 080 | _a811.112.2:37.016:659.3](07) | ||
| 920 | _a978-3-8252-2808-8 | ||
| 920 | _a3-506-75640-0 | ||
| 942 | _cKS | ||
| 008 | s pl f |000 0 pol | ||
| 999 |
_c54571 _d54571 |
||
| 856 |
_uhttp://koha.tu.koszalin.pl/cgi-bin/koha/opac-detail.pl?biblionumber=54571 _yKatalog online BPK |
||